Economics: principles, problems and policies. (Record no. 179998)
[ view plain ]
| 000 -LEADER | |
|---|---|
| fixed length control field | 00431nam a2200169Ia 4500 |
| 008 - FIXED-LENGTH DATA ELEMENTS--GENERAL INFORMATION | |
| fixed length control field | 210707s1975 xx 000 0 und d |
| 020 ## - INTERNATIONAL STANDARD BOOK NUMBER | |
| International Standard Book Number | 0070449058 |
| 041 ## - LANGUAGE CODE | |
| Language code of text/sound track or separate title | eng |
| 082 ## - DEWEY DECIMAL CLASSIFICATION NUMBER | |
| Classification number | 330 MCCE |
| 100 ## - MAIN ENTRY--PERSONAL NAME | |
| Personal name | McCONNELL (Campbell R) |
| 245 ## - TITLE STATEMENT | |
| Title | Economics: principles, problems and policies. |
| 250 ## - EDITION STATEMENT | |
| Edition statement | 6 |
| 260 ## - PUBLICATION, DISTRIBUTION, ETC. | |
| Place of publication, distribution, etc. | Paris |
| Name of publisher, distributor, etc. | McGraw hill book co. |
| Date of publication, distribution, etc. | 1975 |
| 300 ## - PHYSICAL DESCRIPTION | |
| Extent | xxviii,917 p |
| 563 ## - BINDING INFORMATION | |
| Binding note | HB |
| 650 ## - SUBJECT ADDED ENTRY--TOPICAL TERM | |
| Topical term or geographic name entry element | Economic Theory |
| Withdrawn status | Lost status | Source of classification or shelving scheme | Damaged status | Not for loan | Collection code | Home library | Current library | Date acquired | Total Checkouts | Full call number | Barcode | Date last seen | Date last checked out | Price effective from | Koha item type | Shelving location |
|---|---|---|---|---|---|---|---|---|---|---|---|---|---|---|---|---|
| Dewey Decimal Classification | Economics | St Aloysius Library | St Aloysius Library | 01/22/1977 | 1 | 330 MCCE | BB03360 | 09/21/2023 | 09/04/2023 | 07/08/2021 | Book Bank | |||||
| Dewey Decimal Classification | Economics | St Aloysius Library | St Aloysius Library | 01/22/1977 | 330/153 MCCE | BB03690 | 04/19/2023 | 07/08/2021 | Book Bank | UGC Book Bank |